LEADER 01643oam 2200421M 450 001 9910716414603321 005 20200213070555.2 035 $a(CKB)5470000002522003 035 $a(OCoLC)1065902355 035 $a(OCoLC)995470000002522003 035 $a(EXLCZ)995470000002522003 100 $a20071213d1927 ua 0 101 0 $aeng 135 $aurcn||||||||| 181 $ctxt$2rdacontent 182 $cc$2rdamedia 183 $acr$2rdacarrier 200 10$aAdditional circuit judge, second judicial circuit. January 20, 1927. -- Committed to the Committee of the Whole House on the State of the Union and ordered to be printed 210 1$a[Washington, D.C.] :$c[U.S. Government Printing Office],$d1927. 215 $a1 online resource (1 page) 225 1 $aHouse report / 69th Congress, 2nd session. House ;$vno. 1823 225 1 $a[United States congressional serial set] ;$v[serial no. 8688] 300 $aBatch processed record: Metadata reviewed, not verified. Some fields updated by batch processes. 300 $aFDLP item number not assigned. 606 $aCircuit courts 606 $aJudges 608 $aLegislative materials.$2lcgft 615 0$aCircuit courts. 615 0$aJudges. 701 $aGraham$b George Scott$f1850-1931$pRepublican (PA)$01386798 801 0$bWYU 801 1$bWYU 801 2$bOCLCO 801 2$bOCLCQ 906 $aBOOK 912 $a9910716414603321 996 $aAdditional circuit judge, second judicial circuit. January 20, 1927. -- Committed to the Committee of the Whole House on the State of the Union and ordered to be printed$93439231 997 $aUNINA LEADER 03093nam 2200637Ia 450 001 9910783222203321 005 20230617014857.0 010 $a1-281-87253-9 010 $a9786611872533 010 $a981-256-262-1 035 $a(CKB)1000000000033254 035 $a(EBL)231553 035 $a(OCoLC)559839910 035 $a(SSID)ssj0000183575 035 $a(PQKBManifestationID)11168352 035 $a(PQKBTitleCode)TC0000183575 035 $a(PQKBWorkID)10199307 035 $a(PQKB)11472124 035 $a(MiAaPQ)EBC231553 035 $a(WSP)00005408 035 $a(Au-PeEL)EBL231553 035 $a(CaPaEBR)ebr10082183 035 $a(CaONFJC)MIL187253 035 $a(OCoLC)60362300 035 $a(EXLCZ)991000000000033254 100 $a20050112d2004 uy 0 101 0 $aeng 135 $aur|n|---||||| 181 $ctxt 182 $cc 183 $acr 200 00$aIonizing radiation detectors for medical imaging$b[electronic resource] /$f[edited by] Alberto Del Guerra 210 $aSingapore ;$aHackensack, N.J. $cWorld Scientific Pub.$dc2004 215 $a1 online resource (524 p.) 300 $aDescription based upon print version of record. 311 $a981-238-674-2 320 $aIncludes bibliographical references and index. 327 $aIonizing Radiation Detectors for Medical Imaging; CONTENTS; Foreword; List of Contributors; Acknowledgments; Chapter 1. INTRODUCTION; Chapter 2. CONVENTIONAL RADIOLOGY; Chapter 3. DETECTORS FOR DIGITAL RADIOGRAPHY; Chapter 4. DETECTORS FOR CT SCANNERS; Chapter 5. SPECIAL APPLICATIONS IN RADIOLOGY; Chapter 6. AUTORADIOGRAPHY; Chapter 7. SPECT AND PLANAR IMAGING IN NUCLEAR MEDICINE; Chapter 8. POSITRON EMISSION TOMOGRAPHY; Chapter 9. NUCLEAR MEDICINE: SPECIAL APPLICATIONS IN FUNCTIONAL IMAGING; Chapter 10. SMALL ANIMAL SCANNERS; Chapter 11. DETECTORS FOR RADIOTHERAPY; Analytical Index 330 $aIonizing Radiation Detectors for Medical Imaging contains tentechnical chapters, half of which are devoted to radiology and theother half to nuclear medicine. The last chapter describes thedetectors for radiotherapy and portal imaging. Each chapter addressescompletely a specific application. The emphasis is always on detectorfundamentals and detector properties. Where necessary, software andspecific applications are described in depth. This book is intended for graduate and undergraduate students inphysics and engineering who want to study medical imaging. Inaddition, scientists who are work 606 $aIonizing radiation$xMeasurement 606 $aRadiology, Medical 606 $aDiagnostic imaging 615 0$aIonizing radiation$xMeasurement. 615 0$aRadiology, Medical. 615 0$aDiagnostic imaging. 676 $a539.7/22 676 $a616.07575 700 $aDel Guerra$b Alberto$01552733 701 $aDel Guerra$b Alberto$01552733 801 0$bMiAaPQ 801 1$bMiAaPQ 801 2$bMiAaPQ 906 $aBOOK 912 $a9910783222203321 996 $aIonizing radiation detectors for medical imaging$93812799 997 $aUNINA